| 000 | 00905cam a2200313 i 4500 | ||
|---|---|---|---|
| 999 |
_c16358 _d3078 |
||
| 001 | 16358 | ||
| 003 | TR-AnTOB | ||
| 005 | 20240419120113.0 | ||
| 007 | ta | ||
| 008 | 041215s2003 tu a 000 0 tur d | ||
| 020 | _a9752952720 | ||
| 040 |
_aTR-AnTOB _beng _erda _cTR-AnTOB |
||
| 041 | 0 | _atur | |
| 050 |
_aT385 _b.N35 2003 |
||
| 090 |
_aT385 _b.N35 2003 |
||
| 100 | 1 |
_aNalbant, Muammer _eauthor _987865 |
|
| 245 | 0 |
_aAutocad 2004 ve mechanical desktop ile çizim teknikleri ve modelleme / _cMuammer Nalbant. |
|
| 264 | 1 |
_aİstanbul : _bBeta Basım Yayım, _c2003. |
|
| 300 |
_a898 pages : _billustrations ; _c23 cm |
||
| 336 |
_2rdacontent _atext _btxt |
||
| 337 |
_2rdamedia _aunmediated _bn |
||
| 338 |
_2rdacarrier _avolume _bnc |
||
| 490 | 0 |
_aBilgisayar dizi ; _v239 |
|
| 630 | 0 | 0 |
_aAutoCAD _97412 |
| 650 |
_aBilgisayar grafikleri _928527 |
||
| 902 | _a0004117 | ||
| 942 |
_2lcc _cBK |
||